000 00326nam a2200145Ia 4500
100 _aBeatty/Millard F
650 _aMechanics
942 _cBK
245 _aPrinciples of Engineering Mechanics-Dynamics
260 _bSpringer
_c2006
082 _a620.1
_bBEA
300 _a595
546 _aENGLISH
_cInfo.Tech
999 _c20996
_d20996